[Event "Abu Dhabi Chess Festival 2009 Junior"]
[Site "Abu Dhabi UAE"]
[Date "2009.08.15"]
[Round "4.1"]
[White "Al Zarooni, Eisa"]
[Black "Vigram, M."]
[Result "0-1"]
[WhiteElo "1732"]
[BlackElo "1871"]
[PlyCount "68"]
[EventDate "1912.08.09"]
[EventType "swiss"]
[EventRounds "9"]
[EventCountry "UAE"]
[Source "lmi"]
[SourceDate "2009.08.12"]

1. d4 g6 2. c4 Bg7 3. Nc3 d6 4. e4 Nc6 5. Be3 e5 6. d5 Nce7 7. g4 f5 8. gxf5
gxf5 9. Qh5+ Ng6 10. exf5 Qh4 11. Qf3 N6e7 12. Nb5 Kd8 13. Bd3 Nh6 14. Nh3 Bf6
15. Rg1 Rg8 16. Rxg8+ Nexg8 17. Qg3 Qxg3 18. hxg3 Nxf5 19. Bg5 a6 20. Na3 Nxg3
21. Bxf6+ Nxf6 22. fxg3 Bxh3 23. Kd2 Bg4 24. Rh1 h5 25. Nc2 Ke7 26. Ne3 Rg8 27.
Be2 Ne4+ 28. Ke1 Bxe2 29. Nf5+ Kf6 30. Kxe2 Kxf5 31. Rxh5+ Kf6 32. Rh7 Rg7 33.
Rh6+ Kf7 34. Kf3 Nd2+ 0-1

[Event "Abu Dhabi Chess Festival 2009 Junior"]
[Site "Abu Dhabi UAE"]
[Date "2009.08.16"]
[Round "5.1"]
[White "Vigram, M."]
[Black "Mostafa, Abdulwahab"]
[Result "1-0"]
[WhiteElo "1871"]
[BlackElo "1741"]
[PlyCount "61"]
[EventDate "1912.08.09"]
[EventType "swiss"]
[EventRounds "9"]
[EventCountry "UAE"]
[Source "lmi"]
[SourceDate "2009.08.12"]

1. e4 d6 2. d4 Nf6 3. Nc3 g6 4. Nf3 Bg7 5. Bc4 c6 6. a3 O-O 7. O-O Qc7 8. h3
Nbd7 9. Qe2 e5 10. dxe5 dxe5 11. Be3 b5 12. Ba2 Bb7 13. Rfd1 a5 14. b4 axb4 15.
axb4 h6 16. Bb3 g5 17. Nh2 Rfd8 18. Ng4 Nxg4 19. Qxg4 Nf6 20. Qf3 Re8 21. Bc5
Rxa1 22. Rxa1 Rd8 23. Ne2 Rd2 24. Ng3 Qd7 25. Nf5 Qe8 26. Nxh6+ Bxh6 27. Qxf6
Bg7 28. Qxg5 Qd7 29. Qh5 Qc7 30. Ra7 Rd7 31. Qg4 1-0

[Event "Abu Dhabi Chess Festival 2009 Junior"]
[Site "Abu Dhabi UAE"]
[Date "2009.08.16"]
[Round "5.2"]
[White "Al Zarooni, Ahmed"]
[Black "Valerio, Axel John"]
[Result "1/2-1/2"]
[WhiteElo "1798"]
[BlackElo "1850"]
[PlyCount "71"]
[EventDate "1912.08.09"]
[EventType "swiss"]
[EventRounds "9"]
[EventCountry "UAE"]
[Source "lmi"]
[SourceDate "2009.08.12"]

1. d4 Nf6 2. c4 g6 3. Nc3 Bg7 4. e4 d6 5. f3 O-O 6. Bg5 e5 7. dxe5 dxe5 8. Qxd8
Rxd8 9. Nd5 Nbd7 10. Nxc7 Rb8 11. Ne2 h6 12. Bh4 Nb6 13. Nc3 Be6 14. Nxe6 fxe6
15. Be2 Rbc8 16. b3 g5 17. Bf2 Bf8 18. O-O Bb4 19. Be1 Nbd7 20. Rd1 a5 21. Nb1
Bxe1 22. Rfxe1 Nb8 23. Rxd8+ Rxd8 24. Rd1 Rxd1+ 25. Bxd1 Nc6 26. Na3 Nb4 27.
Nc2 Nxa2 28. Ne3 Kg7 29. Kf2 Nb4 30. Be2 Nc6 31. Bd1 Nd7 32. Nc2 Nc5 33. Ne1 h5
34. Ke3 Nd4 35. Nd3 Ndxb3 36. Nxe5 1/2-1/2

[Event "Abu Dhabi Chess Festival 2009 Junior"]
[Site "Abu Dhabi UAE"]
[Date "2009.08.18"]
[Round "7.2"]
[White "Al Zarooni, Eisa"]
[Black "Valerio, Axel John"]
[Result "0-1"]
[WhiteElo "1732"]
[BlackElo "1850"]
[PlyCount "42"]
[EventDate "1912.08.09"]
[EventType "swiss"]
[EventRounds "9"]
[EventCountry "UAE"]
[Source "lmi"]
[SourceDate "2009.08.12"]

1. d4 Nf6 2. c4 g6 3. Nc3 Bg7 4. e4 d6 5. f3 O-O 6. Bg5 c6 7. Nge2 e5 8. d5 Qb6
9. Qd2 a6 10. Ng3 cxd5 11. Bxf6 Bxf6 12. Nxd5 Qd8 13. Nxf6+ Qxf6 14. Rd1 Rd8
15. c5 Nc6 16. cxd6 Nd4 17. f4 Rxd6 18. fxe5 Qxe5 19. Qc3 Bg4 20. Be2 Rc8 21.
Qb4 Nc2+ 0-1

[Event "Abu Dhabi Chess Festival 2009 Junior"]
[Site "Abu Dhabi UAE"]
[Date "1919.08.09"]
[Round "8.1"]
[White "Al Zarooni, Ahmed"]
[Black "Vigram, M."]
[Result "1/2-1/2"]
[WhiteElo "1798"]
[BlackElo "1871"]
[PlyCount "31"]
[EventDate "1912.08.09"]
[EventType "swiss"]
[EventRounds "9"]
[EventCountry "UAE"]
[Source "lmi"]
[SourceDate "2009.08.12"]

1. d4 g6 2. c4 Bg7 3. Nc3 d6 4. e4 Nc6 5. Be3 e5 6. d5 Nce7 7. g4 f5 8. gxf5
gxf5 9. Qh5+ Ng6 10. exf5 Qh4 11. Qf3 N6e7 12. Qg2 Bh6 13. Nf3 Qf6 14. Bg5 Bxg5
15. Nxg5 Bxf5 16. Nb5 1/2-1/2

[Event "Abu Dhabi Chess Festival 2009 Junior"]
[Site "Abu Dhabi UAE"]
[Date "1919.08.09"]
[Round "8.2"]
[White "Valerio, Axel John"]
[Black "Mostafa, Abdulwahab"]
[Result "1-0"]
[WhiteElo "1850"]
[BlackElo "1741"]
[PlyCount "91"]
[EventDate "1912.08.09"]
[EventType "swiss"]
[EventRounds "9"]
[EventCountry "UAE"]
[Source "lmi"]
[SourceDate "2009.08.12"]

1. e4 d6 2. d4 Nf6 3. Nc3 c6 4. f3 Qa5 5. Be3 e5 6. Qd2 Be7 7. Nge2 O-O 8. g4
Nbd7 9. Ng3 exd4 10. Bxd4 Ne5 11. Be2 Ne8 12. f4 c5 13. Bxe5 dxe5 14. f5 Nc7
15. g5 Rd8 16. Qe3 b5 17. f6 Bf8 18. fxg7 Bxg7 19. Nh5 Rd4 20. Nf6+ Kh8 21. Qf3
Qb6 22. Rf1 Be6 23. Qh5 Bxf6 24. Rxf6 Rg8 25. Bg4 Qd6 26. Bf5 Rg7 27. Rh6 Kg8
28. Bxh7+ Kf8 29. Bf5 Qd7 30. Rh8+ Ke7 31. Qh6 Ne8 32. Rxe8+ Kxe8 33. Qxg7 Bxf5
34. Qh8+ Ke7 35. Qf6+ Ke8 36. Qxf5 Qxf5 37. exf5 a6 38. Rd1 Rg4 39. g6 fxg6 40.
fxg6 Rxg6 41. Rd5 c4 42. Rxe5+ Kd7 43. h4 Kd6 44. Rg5 Re6+ 45. Kf2 b4 46. Ne2
1-0

[Event "Abu Dhabi Chess Festival 2009"]
[Site "Abu Dhabi UAE"]
[Date "2009.08.20"]
[Round "9.3"]
[White "Melkumyan Hrant"]
[Black "Bocharov Dmitry"]
[Result "1-0"]
[WhiteElo "2530"]
[BlackElo "2613"]
[PlyCount "81"]
[EventDate "2009.08.12"]
[EventType "swiss"]
[EventRounds "9"]
[EventCountry "UAE"]
[Source "lmi"]
[SourceDate "2009.08.12"]

1. d4 d5 2. c4 e6 3. Nc3 c6 4. e3 Nf6 5. Nf3 Nbd7 6. Qc2 Bd6 7. Bd3 O-O 8. O-O
dxc4 9. Bxc4 a6 10. Rd1 Qc7 11. Ne4 Nxe4 12. Qxe4 Be7 13. Bd3 g6 14. Bd2 b6 15.
Rac1 Bb7 16. Qg4 c5 17. dxc5 bxc5 18. Bc3 Rad8 19. Ng5 Nf6 20. Qh3 Rfe8 21. Bc4
Bd5 22. Bxd5 exd5 23. Bxf6 Bxf6 24. Qxh7+ Kf8 25. Rxc5 Qb7 26. Rdc1 Rd7 27. Qh3
Bxb2 28. Rb1 Rc7 29. Rxc7 Qxc7 30. Qf3 Kg7 31. Qxf7+ Qxf7 32. Nxf7 Rc8 33. Ng5
Rc2 34. h4 Kf6 35. Rd1 Ke5 36. Nf3+ Ke4 37. Ng5+ Ke5 38. g4 Kd6 39. h5 gxh5 40.
gxh5 Bg7 41. h6 1-0